Online
Catalog

Arcos Votivos / (Record no. 11598)

MARC details
000 -CABECERA
campo de control de longitud fija 00697nam a2200217 a 4500
001 - NÚMERO DE CONTROL
campo de control 000011928
005 - FECHA Y HORA DE LA ÚLTIMA TRANSACCIÓN
campo de control 20210311001209.0
008 - DATOS DE LONGITUD FIJA--INFORMACIÓN GENERAL
campo de control de longitud fija 091102s1907 dr 000 p spa d
040 ## - FUENTE DE LA CATALOGACIÓN
Centro catalogador/agencia de origen DO-SdBNP
Lengua de catalogación spa
Centro/agencia transcriptor BNPHU
082 ## - NÚMERO DE LA CLASIFICACIÓN DECIMAL DEWEY
Número de clasificación RD861.42
Número de documento/Ítem B363a,1910
100 1# - ENTRADA PRINCIPAL--NOMBRE DE PERSONA
Nombre de persona Bazil, Osvaldo
Fechas asociadas al nombre 1884-1946
9 (RLIN) 24638
245 10 - MENCIÓN DE TÍTULO
Título Arcos Votivos /
Mención de responsabilidad, etc. Osvaldo Bazil ; prólogo de Conde Kostia.
246 18 - FORMA VARIANTE DE TÍTULO
Título propio/Titulo breve Arcos Votivos
260 ## - PUBLICACIÓN, DISTRIBUCIÓN, ETC.
Lugar de publicación, distribución, etc. [La Habana] :
Nombre del editor, distribuidor, etc. [Avisador Comercial],
Fecha de publicación, distribución, etc. [1907].
300 ## - DESCRIPCIÓN FÍSICA
Extensión 100 p. ;
Dimensiones 25 cm.
590 ## - NOTA LOCAL (RLIN)
Nota local Inventariado, 2018/VM
650 #0 - PUNTO DE ACCESO ADICIONAL DE MATERIA--TÉRMINO DE MATERIA
Término de materia o nombre geográfico como elemento de entrada Poesía dominicana
9 (RLIN) 66
650 #4 - PUNTO DE ACCESO ADICIONAL DE MATERIA--TÉRMINO DE MATERIA
Término de materia o nombre geográfico como elemento de entrada Literatura dominario
9 (RLIN) 28204
700 1# - PUNTO DE ACCESO ADICIONAL--NOMBRE DE PERSONA
Nombre de persona Kostia, Conde
Término indicativo de función/relación pról.
9 (RLIN) 28205
910 ## - DATOS DE OPCIÓN DEL USUARIO (OCLC)
Datos de opción del usuario Validado. Control de calidad MFF
Holdings
Estado de retiro Estado de pérdida Restricciones de uso No para préstamo Código de colección Localización permanente Ubicación/localización actual Ubicación en estantería Fecha de adquisición Número de inventario Total de préstamos Signatura topográfica completa Código de barras Fecha visto por última vez Precio válido a partir de Tipo de ítem Koha
      Excluido de préstamo Raros y valiosos Patrimonio Dominicano Patrimonio Dominicano Depósito 02.11.2009 LF1   RD861.42 B363a,1910 11928-10 25.06.2020 25.06.2020 No se presta

Powered by Koha